LEADER 00946nam0-2200301---450- 001 990009356530403321 005 20110510145325.0 035 $a000935653 035 $aFED01000935653 035 $a(Aleph)000935653FED01 035 $a000935653 100 $a20110510d1963----km-y0itay50------ba 101 0 $amul 102 $aGB 105 $aa-------001yy 200 1 $aHistochemistry and cytochemistry$eproceedings of the 1. International congress, Paris 1960$fedited by R. Wegmann 210 $aOxford [etc.]$cPergamon press$d1963 215 $aXVIII, 481 p.$cill.$d24 cm 610 0 $aIstochimica 702 1$aWegmann,$bR. 710 12$aInternational congress of histochemistry and cytochemistry,$d1.$e<1960 ;$fParigi>$0435159 801 0$aIT$bUNINA$gRICA$2UNIMARC 901 $aBK 912 $a990009356530403321 952 $aIIId C 133$fDMVSF 959 $aDMVSF 996 $aHistochemistry and cytochemistry$9768061 997 $aUNINA